| 000 | 00811nam a22002297a 4500 | ||
|---|---|---|---|
| 005 | 20100805150046.0 | ||
| 010 | _aENG-98292 | ||
| 020 |
_a9788190595070 _c200.00 |
||
| 035 | _aEN-81825 | ||
| 037 | _bDBAD/PUB | ||
| 082 | _a572.51 | ||
| 100 |
_aMukherjee, G. N. _97021 |
||
| 245 |
_aElements of bioinorganic chemistry / _cby G. N. Mukherjee [and] Arabinda Das |
||
| 260 |
_aKolkata _bU. N. Dhur & Sons _c2008 |
||
| 270 |
_a2A, Bhawani Dutta Lane _bKolkata _e700073 |
||
| 300 |
_aviii,290p. _c22cm (pbk) |
||
| 500 | _aIncludes index | ||
| 650 |
_aBioinorganic Chemistry _97022 |
||
| 700 |
_aDas, Arabinda _97023 |
||
| 942 |
_2ddc _cEN _h572.51 _mMUK |
||
| 999 |
_c39505 _d39505 |
||